Prinsip-prisip kesusilaan ikhtisas Islam oleh Osman Bakar [

Bibliographic Details
Main Author: Osman Bakar
Format: Book
Published: Bangi : Inspen , 1988
Subjects:

MARC

LEADER 00000cam a2200000 7i4500
001 0000017663
005 20061130.0
040 |a INS 
090 0 0 |a HD 5836 1988 
100 0 |a Osman Bakar 
245 0 0 |a Prinsip-prisip kesusilaan ikhtisas Islam oleh Osman Bakar [  |h video recording] 
260 |a Bangi :   |b Inspen ,   |c 1988 
300 |a 1 Video cassette (VHS) (0:50) :   |b sd., col. ;   |c 1/2 in. 
650 0 0 |a Islam and work 
999 |a VHS158   |b VIDEO   |c Media Collection   |e Default branch